Statistiken für Google Jahresrückblick 2022 - Serien des Jahres

Klicken Sie hier um das Quiz zu spielen!

Allgemein

  • Dieses Quiz wurde 120 mal gespielt
  • Das Durchschnittsergebnis liegt bei 2 aus 10

Antwortstatistiken

Suchbegriff% Korrekt
Stranger Things
85%
Jeffrey Dahmer
24%
House of the Dragon
19%
The Boys
10%
Euphoria
4%
LOL
3%
Moon Knight
3%
Inventing Anna
2%
Der Palast
1%
The Watcher
1%

Verteilung der Resultate

Perzentil nach korrekt beantworteten Fragen

Anzahl Personen mit jedem Resultat

Ihre Resultats-Entwicklung

Sie haben dieses Quiz noch nicht gespielt